Ing. Ivan Gbur, vedúci správy skleníkového hospodárstva a verejnej zelene Verejnoprospešných služieb v Starej Ľubovni

Bibliographic Details
Main Author: Gbur, Ivan (Author)
Corporate Author: Verejnoprospešné služby (Stará Ľubovňa, Slovensko) (Author)
Format: Article
Language:Slovak
Subjects:

MARC

LEADER 00000nab a2200000 a 4500
001 vtls001024998
003 SK-MaSNL
005 20260303042153.0
008 040720e19960528xo 0 slo
035 |a SL3555 
040 |a SLLK  |b slo  |c SLLK  |e AACR2 
041 0 |a slo 
044 |a xo  |c SK 
080 |a 351.777.8  |2 1981 
080 |a 712.25  |2 1981 
100 1 |a Gbur, Ivan  |4 aut  |9 544351 
245 1 0 |a Ing. Ivan Gbur,  |b vedúci správy skleníkového hospodárstva a verejnej zelene Verejnoprospešných služieb v Starej Ľubovni 
610 2 7 |a Verejnoprospešné služby (Stará Ľubovňa, Slovensko)  |2 SLLK  |9 872769 
650 0 7 |a hospodárstvo skleníkové  |2 SLLK  |9 927996 
650 0 7 |a činnosť  |2 SLLK  |9 282874 
655 7 |a periodikum  |2 snkbucl  |9 29553 
710 2 |a Verejnoprospešné služby (Stará Ľubovňa, Slovensko)  |4 aut  |9 872769 
773 0 8 |t Lúč - Východoslovenské noviny  |g Roč. 5, č.123, 28.5.1996, s. 3 
852 |a ZVYKNI  |b KIS3GCP 
999 |c 1690808  |d 1692738